| 000 | 00575nam a22001937a 4500 | ||
|---|---|---|---|
| 005 | 20150124121907.0 | ||
| 008 | 110816t mx||||| |||| 00| 0 spa d | ||
| 020 | _a9687022620 | ||
| 050 | 0 | 4 |
_aQR46 _bL84 1996 |
| 100 | 1 | _aLugo de la Fuente, Gustavo | |
| 245 | 1 | 0 |
_aBacteriología Médica / _cGustavo Ludo de la Fuente |
| 250 | _a1a ed. | ||
| 260 |
_aMéxico : _bEdiciones Cuéllar, _c1996 |
||
| 300 |
_aiii, 654 p. : _bil. ; _c26 cm. |
||
| 504 | _aIncluye Bibliografías e índice. | ||
| 506 | _aBib. Med. ISO 2011 | ||
| 650 | 4 | _aBacteriología médica | |
| 942 |
_2lcc _cLIB |
||
| 999 |
_c11552 _d11552 |
||